000 00258nam a2200121 i 4500
001 bg
245 0 _aProblemy dekohezji metali.
260 _aWrocław,
_c1973.
040 _cBPK
041 _apol
942 _cKS
008 s pl f |000 0 pol
999 _c25997
_d25997
856 _uhttp://koha.tu.koszalin.pl/cgi-bin/koha/opac-detail.pl?biblionumber=25997
_yKatalog online BPK